00346nam a2200109Ia 450000500170000000800410001710000280005824500980008626000290018430000100021365000130022320260326100047.0260326s9999||||xx |||||||||||||| ||und|| aSegovia Salas, Rodolfo  0aLas fortificaciones de Cartagena de Indias :b Estrategia e Historia /cRodolfo Segovia Salas bCarlos Valencia Editores a83 p. aHISTORIA